000 00449nam a2200181Ia 4500
001 3836
005 20260306145712.0
008 260306t2008||||xx |||||||||||||| ||spa||
041 _aESP
082 _a303.62
_bW19 2008
100 _aWalzer, Michael
_eAUT
245 0 _aTerrorismo y guerra justa :
_bterrorismo y guerra justa
260 _c2008
300 _a71 páginas :
_c20 cm.
650 _aGEN
654 _aCHU
942 _cLIB
_dJUS
_fJUS
_2ddc
_n
999 _c3836
_d3836